|
|
|
|
| LEADER |
00000cab a2200000 a 4500 |
| 001 |
vtls000385566 |
| 003 |
SK-MaSNL |
| 005 |
20260305000955.0 |
| 008 |
111202|1990 xo | || || 0| slo |
| 015 |
|
|
|a SNBRB19rr/mm-uuuuu
|
| 035 |
|
|
|a CL0385689
|
| 040 |
|
|
|a SNKBUCL
|b slo
|c SNKBUCL
|e AACR2
|
| 041 |
1 |
|
|a slo
|h rus
|
| 044 |
|
|
|a xo
|c SK
|
| 080 |
|
|
|a 882-1
|2 1981
|
| 100 |
1 |
|
|a Okudžava, Bulat Šalvovič,
|d 1924-1997
|4 aut
|
| 245 |
1 |
0 |
|a Zavriem oči - a hneď prisní sa mi ... [inc.]
|c Bulat Okudžava ; preložili Ľubomír Feldek, Milan Tokár
|
| 500 |
|
|
|a Pod spoločným názvom Zabili otca
|
| 500 |
|
|
|a Dat.:1961
|
| 655 |
|
7 |
|a články z novín a časopisov
|2 snkbucl
|9 267496
|
| 655 |
|
7 |
|a články z odboru literárna veda a krásna literatúra
|2 snkbucl
|9 770045
|
| 655 |
|
7 |
|a ruská poézia
|2 snkbucl
|9 70731
|
| 700 |
1 |
|
|a Feldek, Ľubomír,
|d 1936-
|4 trl
|9 89477
|
| 700 |
1 |
|
|a Tokár, Milan,
|d 1940-
|4 trl
|9 121104
|
| 773 |
0 |
|
|t Sovětská literatura
|g Č. 6 (1990), s. 75
|
| 850 |
|
|
|a Slovenská národná knižnica
|
| 852 |
|
|
|a Slovenská národná knižnica
|
| 958 |
|
|
|a RK
|
| 958 |
|
|
|a LX
|
| 958 |
|
|
|a SU
|
| 992 |
|
|
|a RBX
|
| 999 |
|
|
|c 3216613
|d 3218543
|